LEADER 00786nam a2200217 i 4500 001 000000161507 003 CaOOAMICUS 005 20070518000000.0 008 070518s1974 it u000 u ita u 013 $a138870 040 $aSeMil$bita 100 1 $aTolstoj, Lev Nikolāevi?,$d<1828-1910>.$0(OLS)http://semarc/name/3624 245 10$aVol. 3. 300 $aP. 907-1399. 490 0 $aI grandi libri Garzanti ;$v98 773 0 $aTolstoj, Lev Nikolāevi? <1828-1910>$tGuerra e pace.$dMilano : Garzanti, 1974.$w()17850 830 2$aI grandi libri Garzanti ;$v98.$0(OLS)http://semarc/title/9892 850 $aSeMil 852 $aSeMil$W1$xVenegono$y1$m1W II 494$j248881$B112903$CSeMilBibl$Z2$F123392 $81 961 $aOmaggio: Altro 996 $6245$aVol. 3$9(OLS)http://semarc/title/80712 LEADER 01785nam a2200289 i 4500 001 000000195820 003 CaOOAMICUS 005 20260122124409.0 008 101229s1762 it u000 u ita u 013 $a174500 026 $ao-e. e-la e-a- diom (3) 1765 (R) 040 $aSeMil$bita 100 1 $aPorro, Francesco,$d<1708-1776>.$0(OLS)http://semarc/name/81264 245 10$aEsame, e risposta alle lettere di San Carlo stampate in Lugano. Si dimostra non essersi il Santo alienato mai da' Gesuiti, come pretendono i produttori di Lugano, ma essere anzi venuta accrescendo la sua benevolenza per essi fino alla morte. 260 $aCosmopoli [i.e. Venezia] :$b[s.n.],$c1762. 300 $a116 p. ;$c16°. 500 $aIniziali xilogr. 500 $aEdizione stampata a Venezia dallo Zatta, cfr. Melzi e M. Parenti, Dizionario dei luoghi di stampa falsi, inventati o supposti, Firenze, 1951, p. 66 500 $aPer il nome dell'A., Francesco Porro, cfr. G. Melzi, Dizionario di opere anonime e pseudonime ..., v. 1, p. 373 650 4$aBorromeo, Carlo - Lettere e carteggi.$0(OLS)http://semarc/subject/4271 700 1 $aBorromeo, Carlo,$c.$0(OLS)http://semarc/name/3012 773 0 $t[Miscellanea.$w()24100 850 $aSeMil 852 $aSeMil$W1$xVenegono$y1$m5A I 7/4 FA$j146389$B146389$CSeMilBibl$Z2$F157859 $8I 996 $6245$aEsame, e risposta alle lettere di San Carlo stampate in Lugano. Si dimostra non essersi il Santo alienato mai da' Gesuiti, come pretendono i produttori di Lugano, ma essere anzi venuta accrescendo la sua benevolenza per essi fino alla morte$9(OLS)http://semarc/title/282649 996 $6260$aCosmopoli [i.e. Venezia] :$b[s.n.]$9(OLS)http://semarc/publisher/50790